000 00786nam a22001937a 4500
008 160930b xxu||||| |||| 00| 0 eng d
020 _a0805379088
050 _aGV 443 .P36 2007
100 _aPangrazi,Robert P.
245 _aDynamic physical education for elementary school children/
_cRobert P. Pangrazi
250 _a15th ed.
260 _aSan Francisco :
_bBenjamin Cumming ,
_cc2007
300 _axvii, 750p. :
_bill. ;
500 _aincludes index.
650 _aPhysical education for children
_xStudy and teaching (elementary)
650 _aPhysical education for children
_xStudy and teaching (elementary)
_yActivity programs
_zUnited States
650 _aPhysical education for children
_vcurricula
_zUnited Stares
942 _2lcc
_cBOOKS
_hGV 443 .P36 2007
999 _c14422
_d14422